00631nam a2200169Ia 4500008004100000020002200041082002300063100002900086245005900115260002300174300001000197500003000207650009300237942001400330952010000344999001700444120629s9999 xx 000 0 und d a978-968-24-6068-5 a344.72010269 A811d aAscencio Romero, Ángel aDerecho procesal del trabajo / Ángel Ascencio Romero aMéxico : Trillas a170 p aBibliografía e índice a1. PROCESAMIENTOS LABORALES 2. DERECHO LABORAL-MEXICO 3. PROCESAMIENTO LABORAL-MEXICOÌ 2lcccHMAN 00104070a15b15d2011-10-06l0o344.72010269 A811Dp15 004903r2017-12-07t1w2012-06-28yLB c77769d77769